Конспекты докладов (Запись № 8733527)

Подробности
000 -МАРКЕР
контрольное поле 01355nam1a22002531i 4500
001 - ИДЕНТИФИКАТОР ЗАПИСИ
контрольное поле rc\4444109
005 - ИДЕНТИФИКАТОР ВЕРСИИ
контрольное поле 20240921115225.0
035 ## - ДРУГИЕ СИСТЕМНЫЕ НОМЕРА
Идентификатор записи (NLR Aleph) 008317041
100 ## - ДАННЫЕ ОБЩЕЙ ОБРАБОТКИ
Данные общей обработки 20130416d1959 |||y0rusy50 ca
101 0# - ЯЗЫК РЕСУРСА
Язык текста, звукозаписи и т.д. русский
102 ## - СТРАНА ПУБЛИКАЦИИ ИЛИ ПРОИЗВОДСТВА
Страна публикации Российская Федерация
105 ## - ПОЛЕ КОДИРОВАННЫХ ДАННЫХ: ТЕКСТОВЫЕ МАТЕРИАЛЫ, МОНОГРАФИЧЕСКИЕ
Кодированные данные о монографическом текстовом документе y z |||||
200 1# - ЗАГЛАВИЕ И СВЕДЕНИЯ ОБ ОТВЕТСТВЕННОСТИ
Основное заглавие Конспекты докладов
Сведения, относящиеся к заглавию Сб. 1-
Первые сведения об ответственности О-во по распространению полит. и науч. знаний РСФСР. Моск. Дом науч.-техн. пропаганды им. Ф.Э. Дзержинского. Науч.-производ. конференция "Изучение причин возникновения брака в литейном производстве и разработка мер борьбы с ним"
210 ## - ПУБЛИКАЦИЯ, РАСПРОСТРАНЕНИЕ И ДР.
Место издания, распространения и т.д. Москва
Имя издателя, распространителя и т. д. Б. и.
Дата издания, распространения и т.д. 1959
215 ## - ФИЗИЧЕСКАЯ ХАРАКТЕРИСТИКА
Размеры 28
300 ## - ОБЩИЕ ПРИМЕЧАНИЯ
Текст примечания Литогр.
300 ## - ОБЩИЕ ПРИМЕЧАНИЯ
Текст примечания Текст на одной стороне листа
710 12 - НАИМЕНОВАНИЕ ОРГАНИЗАЦИИ - ПЕРВИЧНАЯ ОТВЕТСТВЕННОСТЬ
Начальный элемент ввода "Изучение причин возникновения брака в литейном производстве и разработка мер борьбы с ним", научно-производственная конференция
Место проведения временной организации Москва
Дата проведения временной организации 1959
Системный номер авторитетной/нормативной записи 480105
Идентификатор авторитетной/нормативной записи RU\NLR\AUTH\880406832
801 #0 - ИСТОЧНИК ЗАПИСИ
Страна Российская Федерация
Организация NLR
Правила каталогизации psbo
801 #1 - ИСТОЧНИК ЗАПИСИ
Страна Российская Федерация
Организация ELAR
Источник данных rusmarc
852 ## - МЕСТОНАХОЖДЕНИЕ И ШИФР ХРАНЕНИЯ
Идентификатор организации NLR
Шифр хранения (Call Number) 59-8/2776
942 ## - ДОПОЛНИТЕЛЬНЫЕ ЭЛЕМЕНТЫ ЗАПИСИ (АБИС)
Тип экземпляра АБИС Книга

Нет доступных экземпляров.